00375 2200157 4500001002100000005001500021035002000036245003100056100002100087250001000108300002500118260003400143082000800177084001400185020001800199INLIS00000000000107920250923084438 a0010-09250000081 aserein /cameylia falensia0 aameylia falensia akedua a360 hlm :bilustrasi adepok :bcoconut books,c2021 a813 a813 AME s a9786236456132